| 000 | 01195cad a22002175a 4500 | ||
|---|---|---|---|
| 001 | E148185 | ||
| 008 | 090812s2009 xxk f 000 0 eng d | ||
| 035 | _a(Sirsi) u148185 | ||
| 041 | 0 | _aeng | |
| 050 | 0 | 4 | _a333.33 $2 18 |
| 110 | 2 |
_aInvestment Property Forum _92112 |
|
| 245 | 0 | 0 |
_aGreening Leases _bthe landlord and tenant relationship as a driver for sustainability, summary report _h[electronic resource] |
| 260 |
_aLondon _bIPF _c2009 |
||
| 520 | _aExamines the views of landlords and tenants in the UK on green leases, and looks at how far the landlord and tenant relationship has been affected by the sustainability agenda. Also discusses whether the relationship between landlord and tenant can be used to help achieve sustainability goals and makes recommendations of actions to be taken. | ||
| 521 | _aAdvanced | ||
| 590 | _aKA | ||
| 651 | 4 |
_aUnited Kingdom _y |
|
| 690 | _aPROPERTY-COMMERCIAL PROPERTY-LEASEHOLD COMMERCIAL PROPERTY-COMMERCIAL LANDLORD AND TENANT-COMMERCIAL LEASES | ||
| 856 | 4 | 0 |
_uhttps://www.ipf.org.uk/mainwebsite/generalcontent8ffa20e881efb5fc6521db79.aspx?map=50a0ff7fdf4748455394e9df3fa997a0 _zView the item free of charge at www.ipf.org.uk... |
| 942 | _n0 | ||
| 999 |
_c109941 _d109941 |
||